Essential grammar in use with answer
Na minha lista:
| Autor principal: | |
|---|---|
| Formato: | Livro |
| Idioma: | English |
| Publicado em: |
New York
Cambridge University Press
1990
|
| Assuntos: | |
| Tags: |
Adicionar Tag
Sem tags, seja o primeiro a adicionar uma tag!
|
| Thư viện lưu trữ: | Trung tâm Học liệu Lê Vũ Hùng, Trường Đại học Đồng Tháp |
|---|
| LEADER | 00699aam a22002298a 4500 | ||
|---|---|---|---|
| 001 | 00043594 | ||
| 005 | 20190221140218.0 | ||
| 008 | 120724s2011 ||||||engsd | ||
| 020 | # | # | |a 9780521357708 |c 0 |
| 041 | 0 | # | |a eng |
| 082 | 1 | 4 | |a 428 |b E200S |
| 100 | 1 | # | |a Murphy, Raymond |
| 245 | 1 | 0 | |b with answer |c Raymond Murphy |a Essential grammar in use |
| 260 | # | # | |b Cambridge University Press |c 1990 |a New York |
| 300 | # | # | |a 269 tr. |c 21 cm. |
| 653 | # | # | |a Bài tập |
| 653 | # | # | |a Luyện thi |
| 653 | # | # | |a Ngữ pháp |
| 653 | # | # | |a Tiếng Anh |
| 852 | # | # | |j KD.0024455 |
| 910 | 0 | # | |d 21/02/2019 |e ilib |f 21/02/2019 |
| 980 | # | # | |a Trung tâm Học liệu Lê Vũ Hùng, Trường Đại học Đồng Tháp |


